[Event "Liga Madrid 2009-2010 Division de Honor"]
[Site "Madrid ESP"]
[Date "2010.03.14"]
[Round "14.22"]
[White "Hernandez Gallardo, Francisco Javier"]
[Black "Gallardo Garcia, Andres"]
[Result "1/2-1/2"]
[PlyCount "109"]
[EventDate "2009.11.22"]
[EventType "team"]
[EventRounds "14"]
[EventCountry "ESP"]
[Source "lmi"]
[SourceDate "2009.11.22"]
[WhiteElo "2360"]
[BlackElo "2418"]

1. e4 e5 2. Nf3 Nc6 3. Bb5 a6 4. Ba4 Nf6 5. O-O Be7 6. Re1 b5 7. Bb3 d6 8. c3
O-O 9. d4 Bg4 10. d5 Na5 11. Bc2 c6 12. h3 Bc8 13. dxc6 Qc7 14. Nbd2 Qxc6 15.
Nf1 Nc4 16. a4 Be6 17. Ng5 Rac8 18. axb5 axb5 19. Nxe6 fxe6 20. b3 Nb6 21. Bd2
Nbd7 22. Qe2 Rb8 23. b4 Nb6 24. Ra6 Qc7 25. Qxb5 d5 26. Qa5 Bd8 27. exd5 Nfxd5
28. Ra7 Qc4 29. Re4 Qc6 30. Rg4 Bf6 31. Bh6 Rb7 32. c4 Nxc4 33. Rxc4 Qxc4 34.
Rxb7 Qxc2 35. Bd2 Bh4 36. g3 Bxg3 37. fxg3 Qf5 38. Qa6 Qf2+ 39. Kh1 Qf3+ 40.
Kg1 Qf2+ 41. Kh1 Qxf1+ 42. Qxf1 Rxf1+ 43. Kg2 Rd1 44. Bg5 e4 45. b5 Rb1 46. Bf4
Rb2+ 47. Kf1 Nxf4 48. gxf4 e3 49. b6 Kf8 50. h4 h5 51. Ke1 Kg8 52. Rb8+ Kf7 53.
b7 Kg6 54. Kf1 Kf7 55. Ke1 1/2-1/2

[Event "Liga Madrid 2009-2010 Division de Honor"]
[Site "Madrid ESP"]
[Date "2010.03.14"]
[Round "14.23"]
[White "Candela Perez, Jose"]
[Black "Solaesa Navalpotro, Luis Julio"]
[Result "1-0"]
[PlyCount "85"]
[EventDate "2009.11.22"]
[EventType "team"]
[EventRounds "14"]
[EventCountry "ESP"]
[Source "lmi"]
[SourceDate "2009.11.22"]
[WhiteElo "2416"]
[BlackElo "2224"]

1. e4 e5 2. Nf3 Nc6 3. Bb5 a6 4. Bxc6 dxc6 5. O-O Qd6 6. Na3 b5 7. c3 c5 8. Nc2
Bb7 9. d4 cxd4 10. cxd4 exd4 11. Nfxd4 O-O-O 12. Qe2 c5 13. Nb3 Qd3 14. Qxd3
Rxd3 15. Be3 c4 16. Nbd4 Bc5 17. a4 Nf6 18. axb5 axb5 19. Nxb5 Nxe4 20. Ra4 Rb3
21. Bxc5 Rxb5 22. Bd4 Rd8 23. Rxc4+ Kb8 24. Rd1 Nd6 25. Rc5 Re8 26. Rxb5 Nxb5
27. Bxg7 Bxg2 28. Kxg2 Rg8 29. Rd3 Rxg7+ 30. Rg3 Rg6 31. Rxg6 hxg6 32. Kf3 Kc7
33. Ke4 Kd6 34. Nd4 Nc7 35. h4 Na6 36. Kf4 f6 37. Kg4 Nb4 38. f4 Ke7 39. f5 Kf7
40. fxg6+ Kxg6 41. h5+ Kh6 42. Nf5+ Kh7 43. Kf3 1-0

[Event "Liga Madrid 2009-2010 Division de Honor"]
[Site "Madrid ESP"]
[Date "2010.03.14"]
[Round "14.24"]
[White "Fraga Castro, Jose Carlos"]
[Black "Taboas Rodriguez, Daniel"]
[Result "1/2-1/2"]
[PlyCount "83"]
[EventDate "2009.11.22"]
[EventType "team"]
[EventRounds "14"]
[EventCountry "ESP"]
[Source "lmi"]
[SourceDate "2009.11.22"]
[WhiteElo "2220"]
[BlackElo "2359"]

1. c4 Nf6 2. Nc3 g6 3. g3 Bg7 4. Bg2 O-O 5. e4 c5 6. Nge2 Nc6 7. O-O d6 8. d3
a6 9. h3 Rb8 10. f4 Ne8 11. Be3 Nd4 12. Rb1 b5 13. cxb5 axb5 14. b4 Nxe2+ 15.
Nxe2 cxb4 16. Rxb4 Qa5 17. Qb1 Nc7 18. a4 Bd7 19. axb5 Nxb5 20. Bd2 Nd4 21.
Nxd4 Rxb4 22. Bxb4 Bxd4+ 23. Kh2 Qa6 24. Qc2 Bb5 25. Qd2 Rc8 26. Rc1 Rxc1 27.
Qxc1 Bxd3 28. Qd2 Qa1 29. Qe1 Qxe1 30. Bxe1 f5 31. exf5 gxf5 32. g4 Kf7 33. Kg3
Kf6 34. Bb4 Be2 35. Bb7 h5 36. Bf3 Bxf3 37. Kxf3 fxg4+ 38. hxg4 h4 39. Be1 h3
40. Bh4+ Kf7 41. Kg3 Be3 42. f5 1/2-1/2

[Event "Liga Madrid 2009-2010 Division de Honor"]
[Site "Madrid ESP"]
[Date "2010.03.14"]
[Round "14.25"]
[White "Prieto Martin, Alfonso"]
[Black "Ramirez Garcia, Jorge Alberto"]
[Result "1-0"]
[PlyCount "83"]
[EventDate "2009.11.22"]
[EventType "team"]
[EventRounds "14"]
[EventCountry "ESP"]
[Source "lmi"]
[SourceDate "2009.11.22"]
[WhiteElo "2212"]
[BlackElo "2175"]

1. d4 Nf6 2. Nf3 d5 3. c4 e6 4. Nc3 c6 5. e3 Nbd7 6. Qc2 Bd6 7. Be2 O-O 8. O-O
dxc4 9. Bxc4 e5 10. Rd1 Qe7 11. Bd3 Re8 12. Ng5 h6 13. Nge4 Bc7 14. Ng3 Nb6 15.
a3 exd4 16. exd4 Bg4 17. Rf1 Rad8 18. Be3 Nfd5 19. Rae1 Qh4 20. Bd2 Nf4 21.
Rxe8+ Rxe8 22. Bh7+ Kh8 23. Bf5 Ne6 24. Re1 Rd8 25. Qe4 Nc4 26. Bc1 h5 27. Bxe6
Re8 28. Bxc4 Rxe4 29. Ncxe4 Qd8 30. Ng5 Qd7 31. Bxf7 g6 32. Re8+ Kg7 33. Rg8+
Kf6 34. N3e4+ Ke7 35. Re8+ Qxe8 36. Bxe8 Bf5 37. Bxc6 bxc6 38. h4 Bb6 39. Be3
Kd7 40. Kf1 Bd8 41. Ke2 Kc7 42. g3 1-0

[Event "Liga Madrid 2009-2010 Division de Honor"]
[Site "Madrid ESP"]
[Date "2010.03.14"]
[Round "14.26"]
[White "Mansilla Tolosa, Luis"]
[Black "Nunez Gutierrez, Juan Carlos"]
[Result "1-0"]
[PlyCount "145"]
[EventDate "2009.11.22"]
[EventType "team"]
[EventRounds "14"]
[EventCountry "ESP"]
[Source "lmi"]
[SourceDate "2009.11.22"]
[WhiteElo "2099"]
[BlackElo "2101"]

1. d4 d5 2. Nf3 Nf6 3. c4 e6 4. g3 dxc4 5. Qa4+ Nbd7 6. Qxc4 a6 7. Bg2 b5 8.
Qc2 Bb7 9. O-O c5 10. dxc5 Bxc5 11. Nc3 Rc8 12. a3 O-O 13. Bg5 h6 14. Bf4 Qb6
15. e4 Rfd8 16. Qe2 Nb8 17. Rac1 Qa7 18. Ne5 Nc6 19. Ng4 Be7 20. Rfd1 Kf8 21.
Be3 Qa8 22. Nxf6 Bxf6 23. Bb6 Rxd1+ 24. Rxd1 Bxc3 25. bxc3 Ne5 26. Bd4 Nc4 27.
f4 Rc7 28. Qg4 f5 29. Qg6 Qe8 30. exf5 Qxg6 31. fxg6 Bxg2 32. Kxg2 e5 33. fxe5
Ke7 34. Kf3 Rc6 35. Ke4 Ke6 36. Ra1 Nd2+ 37. Kd3 Nc4 38. Ke4 Nd2+ 39. Kf4 Nb3
40. Rd1 Na5 41. a4 bxa4 42. Ra1 Rc4 43. Ke3 Kf5 44. Kd3 Rc6 45. Rxa4 Nb7 46.
Rb4 Nc5+ 47. Bxc5 Rxc5 48. Rf4+ Kxe5 49. Rf7 Rc6 50. Rxg7 Kf6 51. Rg8 a5 52.
Ra8 Kxg6 53. Rxa5 Kf6 54. Rh5 Kg6 55. Re5 Kf6 56. Re2 Rd6+ 57. Kc4 Rd8 58. Kb3
Rb8+ 59. Kc2 Rc8 60. Re4 Kf5 61. Rf4+ Kg5 62. Kd3 Rd8+ 63. Rd4 Ra8 64. c4 Ra3+
65. Ke4 Ra2 66. h4+ Kg4 67. Rd3 Ra8 68. c5 Re8+ 69. Kd4 Rd8+ 70. Kc4 Rc8 71.
Rc3 Kf5 72. Kd5 Rd8+ 73. Kc6 1-0

[Event "Liga Madrid 2009-2010 Division de Honor"]
[Site "Madrid ESP"]
[Date "2010.03.14"]
[Round "14.31"]
[White "Garcia Luengo, Leandro"]
[Black "Moreno Ruiz, Javier"]
[Result "0-1"]
[PlyCount "66"]
[EventDate "2009.11.22"]
[EventType "team"]
[EventRounds "14"]
[EventCountry "ESP"]
[Source "lmi"]
[SourceDate "2009.11.22"]
[WhiteElo "2308"]
[BlackElo "2459"]

1. e4 e6 2. d4 d5 3. Nc3 Bb4 4. e5 c5 5. a3 Bxc3+ 6. bxc3 Ne7 7. Qg4 O-O 8. Bd3
f5 9. exf6 Rxf6 10. Bg5 Rf7 11. Qh4 h6 12. Bxe7 Rxe7 13. Ne2 Nc6 14. O-O e5 15.
dxe5 Nxe5 16. Nf4 Nxd3 17. cxd3 Bf5 18. Qh5 Rf7 19. Rfe1 Qd6 20. g3 g5 21. Ne6
Rf6 22. Nxg5 hxg5 23. Qxg5+ Kf7 24. Re3 Rg8 25. Qh5+ Bg6 26. Qe2 Re6 27. Qf3+
Kg7 28. c4 Rf8 29. Qe2 Rxe3 30. Qxe3 Re8 31. Qf3 Qf6 32. Qd1 Bxd3 33. cxd5 Re2
0-1

[Event "Liga Madrid 2009-2010 Division de Honor"]
[Site "Madrid ESP"]
[Date "2010.03.14"]
[Round "14.32"]
[White "De La Fuente Gonzalez, Francisco"]
[Black "Garcia Pichon, Eduardo"]
[Result "1/2-1/2"]
[PlyCount "38"]
[EventDate "2009.11.22"]
[EventType "team"]
[EventRounds "14"]
[EventCountry "ESP"]
[Source "lmi"]
[SourceDate "2009.11.22"]
[WhiteElo "2237"]
[BlackElo "2282"]

1. c4 e6 2. Nf3 d5 3. g3 Nf6 4. Bg2 c5 5. cxd5 exd5 6. d4 Nc6 7. O-O Be7 8. Nc3
O-O 9. Bf4 a6 10. Rc1 Be6 11. dxc5 Bxc5 12. Ng5 Ba7 13. e4 Bg4 14. Qd2 dxe4 15.
Qxd8 Raxd8 16. Ngxe4 Nxe4 17. Bxe4 Rfe8 18. Kg2 Bd4 19. Rfe1 h6 1/2-1/2

[Event "Liga Madrid 2009-2010 Division de Honor"]
[Site "Madrid ESP"]
[Date "2010.03.14"]
[Round "14.33"]
[White "Martinez Medina, Enrique"]
[Black "Arauz Alonso, Fernando"]
[Result "1-0"]
[WhiteElo "2175"]
[PlyCount "127"]
[EventDate "2009.11.22"]
[EventType "team"]
[EventRounds "14"]
[EventCountry "ESP"]
[Source "lmi"]
[SourceDate "2009.11.22"]
[BlackElo "2140"]

1. c4 c6 2. g3 d5 3. Nf3 Nf6 4. Bg2 e6 5. b3 b6 6. O-O Be7 7. Bb2 O-O 8. Qc2
Bb7 9. d3 c5 10. Ne5 Nbd7 11. Nd2 Qc7 12. Nxd7 Qxd7 13. e4 dxe4 14. dxe4 Rfd8
15. Rfd1 Qc6 16. f3 Qc7 17. Nf1 Rxd1 18. Rxd1 Rd8 19. Ne3 Rxd1+ 20. Qxd1 Qd7
21. Be5 Qxd1+ 22. Nxd1 Nd7 23. Bc7 Bf6 24. f4 Bd4+ 25. Kf1 f6 26. Ke2 Kf7 27.
Kd3 Bg1 28. h3 Bh2 29. Nc3 Bc6 30. Ne2 g5 31. fxg5 fxg5 32. Ke3 h5 33. Bd8 Kg6
34. Bf3 Ne5 35. Bc7 Nd7 36. Bd8 Ne5 37. Bh1 h4 38. gxh4 gxh4 39. Bxh4 b5 40.
cxb5 Bxb5 41. Bf3 c4 42. Nc3 cxb3 43. axb3 Bf1 44. Bg4 Bg1+ 45. Bf2 Bh2 46.
Bxe6 Kf6 47. Bf5 Nc6 48. h4 Ke5 49. Nd5 Nd4 50. Bg6 Nxb3 51. h5 Ke6 52. h6 Be5
53. h7 a5 54. Bh4 Bd4+ 55. Kf4 Be5+ 56. Ke3 Bd4+ 57. Kf4 Be5+ 58. Kg5 Nc5 59.
Be1 Na4 60. Be8 Nb6 61. Bc3 Bd3 62. Nf4+ Ke7 63. Bxe5 Bxe4 64. h8=Q 1-0

[Event "Liga Madrid 2009-2010 Division de Honor"]
[Site "Madrid ESP"]
[Date "2010.03.14"]
[Round "14.34"]
[White "Sanchez Naranjo, Jose Manuel"]
[Black "Piña Sierra, Julia"]
[Result "1-0"]
[PlyCount "47"]
[EventDate "2009.11.22"]
[EventType "team"]
[EventRounds "14"]
[EventCountry "ESP"]
[Source "lmi"]
[SourceDate "2009.11.22"]
[WhiteElo "2090"]
[BlackElo "2061"]

1. e4 c5 2. Nf3 d6 3. d4 cxd4 4. Nxd4 Nf6 5. Nc3 g6 6. Be3 Bg7 7. f3 Nc6 8. Qd2
O-O 9. g4 Bd7 10. O-O-O Rc8 11. h4 Ne5 12. h5 Nc4 13. Bxc4 Rxc4 14. Nde2 Qa5
15. Bh6 Rfc8 16. Bxg7 Kxg7 17. hxg6 fxg6 18. Qh6+ Kg8 19. g5 Nh5 20. Rxh5 gxh5
21. g6 hxg6 22. Qxg6+ Kf8 23. Rg1 Bg4 24. fxg4 1-0

[Event "Liga Madrid 2009-2010 Division de Honor"]
[Site "Madrid ESP"]
[Date "2010.03.14"]
[Round "14.35"]
[White "Garcia Diaz, Victor"]
[Black "Ruiz Martin, Juan"]
[Result "1-0"]
[PlyCount "73"]
[EventDate "2009.11.22"]
[EventType "team"]
[EventRounds "14"]
[EventCountry "ESP"]
[Source "lmi"]
[SourceDate "2009.11.22"]
[WhiteElo "2095"]
[BlackElo "2037"]

1. e4 e5 2. Nf3 Nc6 3. Bc4 Nf6 4. d3 Be7 5. O-O O-O 6. Re1 Re8 7. d4 d6 8. h3
Bf8 9. Nc3 h6 10. a4 g6 11. dxe5 Nxe5 12. Nxe5 dxe5 13. Qf3 c6 14. a5 Be6 15.
Bf1 Nd7 16. a6 b5 17. Be3 Qe7 18. b3 Nb8 19. Nb1 Bc8 20. c4 Bxa6 21. cxb5 Bxb5
22. Bxb5 cxb5 23. Nc3 Qb7 24. Nd5 Re6 25. Rec1 Rc6 26. Nf6+ Kh8 27. Ng4 Rxc1+
28. Rxc1 Nd7 29. Qxf7 Nc5 30. Qxg6 Qxe4 31. Qf7 Qb7 32. Qh5 Nd3 33. Rc3 Nf4 34.
Bxf4 exf4 35. Nxh6 Qh7 36. Rc6 Rb8 37. Qe5+ 1-0

[Event "Liga Madrid 2009-2010 Division de Honor"]
[Site "Madrid ESP"]
[Date "2010.03.14"]
[Round "14.41"]
[White "Roa Alonso, Santiago"]
[Black "Valles Moreno, Ivan"]
[Result "1-0"]
[PlyCount "63"]
[EventDate "2009.11.22"]
[EventType "team"]
[EventRounds "14"]
[EventCountry "ESP"]
[Source "lmi"]
[SourceDate "2009.11.22"]
[WhiteElo "2412"]
[BlackElo "2424"]

1. e4 c5 2. Nf3 e6 3. d4 cxd4 4. Nxd4 Nc6 5. Nc3 Qc7 6. Be2 a6 7. O-O Nf6 8.
Kh1 Nxd4 9. Qxd4 Bc5 10. Qd3 b5 11. Bg5 Bb4 12. f4 Bb7 13. Bf3 Rc8 14. e5 Bxc3
15. Bxb7 Qxb7 16. Bxf6 gxf6 17. bxc3 fxe5 18. fxe5 Rc4 19. Qg3 h5 20. h3 Qe4
21. Rad1 Rf8 22. Rd3 h4 23. Qg5 Rc5 24. Qd2 Rc7 25. Rd1 Qb7 26. Qg5 Qe4 27.
R1d2 Qc4 28. Rd6 b4 29. cxb4 Qxa2 30. Rb6 Rc8 31. Rb7 Rd8 32. Rdxd7 1-0

[Event "Liga Madrid 2009-2010 Division de Honor"]
[Site "Madrid ESP"]
[Date "2010.03.14"]
[Round "14.42"]
[White "Perez Gonzalez, Jose Manuel"]
[Black "Cao Armillas, Jesus"]
[Result "0-1"]
[PlyCount "82"]
[EventDate "2009.11.22"]
[EventType "team"]
[EventRounds "14"]
[EventCountry "ESP"]
[Source "lmi"]
[SourceDate "2009.11.22"]
[WhiteElo "2332"]
[BlackElo "2205"]

1. e4 c5 2. Nf3 e6 3. d4 cxd4 4. Nxd4 a6 5. Be2 Qc7 6. O-O Nc6 7. Nc3 Nf6 8.
Be3 Bb4 9. Na4 O-O 10. Nxc6 bxc6 11. Nb6 Rb8 12. Nxc8 Rfxc8 13. Bxa6 Rd8 14.
Bd3 Bd6 15. Kh1 Be5 16. Bc1 Bxb2 17. Bxb2 Rxb2 18. f4 e5 19. fxe5 Qxe5 20. Rf5
Qe6 21. Qf3 Rdb8 22. c4 d6 23. a4 Nd7 24. Bf1 Ne5 25. Qc3 c5 26. a5 R2b3 27.
Qc1 Qe8 28. Be2 Qc6 29. Rf4 R3b4 30. h3 h6 31. Qc2 Ra8 32. Rff1 Qc7 33. Rfd1
Nc6 34. Qd2 Nd4 35. Bd3 Nb3 36. Qf4 Nxa1 37. Rxa1 Ra6 38. Qf5 g6 39. Qd5 Kg7
40. Re1 Rxa5 41. h4 Qe7 0-1

[Event "Liga Madrid 2009-2010 Division de Honor"]
[Site "Madrid ESP"]
[Date "2010.03.14"]
[Round "14.43"]
[White "Lorite Cruz, Francisco"]
[Black "Vallejo Diaz, Javier"]
[Result "0-1"]
[PlyCount "82"]
[EventDate "2009.11.22"]
[EventType "team"]
[EventRounds "14"]
[EventCountry "ESP"]
[Source "lmi"]
[SourceDate "2009.11.22"]
[WhiteElo "2073"]
[BlackElo "2310"]

1. e4 c5 2. Nf3 a6 3. Nc3 e6 4. d4 cxd4 5. Nxd4 Qc7 6. Bd3 Bc5 7. Nb3 Be7 8.
Be3 Nf6 9. f4 d6 10. O-O Nc6 11. Kh1 b5 12. a3 Bb7 13. Be2 O-O 14. Bf3 Rfd8 15.
Qe2 b4 16. Na4 Re8 17. axb4 Nxb4 18. c3 Nc6 19. Nd4 Nxd4 20. Bxd4 e5 21. fxe5
dxe5 22. Bg1 Qc6 23. Nb6 Rab8 24. Nd5 Rbc8 25. Rfd1 h6 26. Qc2 Bf8 27. Nxf6+
Qxf6 28. Rd7 Re7 29. Rxe7 Qxe7 30. Qb3 Rd8 31. Ra5 Bc8 32. Qb6 Rd7 33. Bc5 Qg5
34. Be3 Qe7 35. b4 Rd3 36. Bc5 Qb7 37. Qxb7 Bxb7 38. Bxf8 Kxf8 39. Rxe5 Rxc3
40. Kg1 Rb3 41. Rc5 Rxb4 0-1

[Event "Liga Madrid 2009-2010 Division de Honor"]
[Site "Madrid ESP"]
[Date "2010.03.14"]
[Round "14.44"]
[White "Vallejo Diaz, Jesus"]
[Black "San Juan Rodriguez, Miguel"]
[Result "1-0"]
[PlyCount "41"]
[EventDate "2009.11.22"]
[EventType "team"]
[EventRounds "14"]
[EventCountry "ESP"]
[Source "lmi"]
[SourceDate "2009.11.22"]
[WhiteElo "2277"]
[BlackElo "2073"]

1. e4 e5 2. Nf3 Nc6 3. d4 exd4 4. Bc4 Nf6 5. e5 d5 6. Bb5 Ne4 7. Nxd4 Bc5 8.
Be3 Bd7 9. Bxc6 bxc6 10. O-O O-O 11. f3 Ng5 12. Qd2 h6 13. Nc3 f6 14. Nb3 Bxe3+
15. Qxe3 fxe5 16. Qxe5 Nf7 17. Qd4 Nd6 18. Na5 Qg5 19. Rf2 Nf5 20. Qd2 Ne3 21.
f4 1-0

[Event "Liga Madrid 2009-2010 Division de Honor"]
[Site "Madrid ESP"]
[Date "2010.03.14"]
[Round "14.45"]
[White "Tipter, Napoleon"]
[Black "Fernandez Garcia, Miguel Angel"]
[Result "0-1"]
[PlyCount "82"]
[EventDate "2009.11.22"]
[EventType "team"]
[EventRounds "14"]
[EventCountry "ESP"]
[Source "lmi"]
[SourceDate "2009.11.22"]
[WhiteElo "2048"]
[BlackElo "2254"]

1. e4 Nf6 2. Nc3 d5 3. exd5 Nxd5 4. Nf3 g6 5. Be2 Bg7 6. O-O O-O 7. Nxd5 Qxd5
8. d4 c6 9. c3 Nd7 10. Bf4 Re8 11. Re1 Qa5 12. Bc4 e6 13. a4 Qd8 14. a5 b5 15.
Ba2 c5 16. Qe2 c4 17. Qe4 Ba6 18. Qc6 Qc8 19. Qxc8 Raxc8 20. Bb1 Bb7 21. Be4
Bxe4 22. Rxe4 Nf6 23. Re2 Nd5 24. Bd2 a6 25. Ne5 Rc7 26. g3 Bxe5 27. Rxe5 f6
28. Ree1 Kf7 29. f4 Rb8 30. Rac1 Rbb7 31. Re2 h5 32. h4 Rc6 33. Kg2 Ke7 34.
Rce1 Kd7 35. Rc1 b4 36. cxb4 Nxb4 37. b3 cxb3 38. Rxc6 Nxc6 39. Bc3 Ne7 40. Rb2
Kd6 41. Kf3 Kd5 0-1

[Event "Liga Madrid 2009-2010 Division de Honor"]
[Site "Madrid ESP"]
[Date "2010.03.14"]
[Round "14.46"]
[White "Paredes Sanchez, Juan"]
[Black "Lopez Ayala, Pedro"]
[Result "1-0"]
[PlyCount "41"]
[EventDate "2009.11.22"]
[EventType "team"]
[EventRounds "14"]
[EventCountry "ESP"]
[Source "lmi"]
[SourceDate "2009.11.22"]
[WhiteElo "2200"]
[BlackElo "2012"]

1. e4 c5 2. Nf3 d6 3. d4 cxd4 4. Nxd4 Nf6 5. Nc3 a6 6. Bc4 e6 7. Bb3 Nbd7 8. f4
Nc5 9. Qf3 Qc7 10. O-O Be7 11. f5 h5 12. fxe6 fxe6 13. Qg3 Bf8 14. Bf4 Nxb3 15.
Nxb3 e5 16. Bg5 Be7 17. Bxf6 Bxf6 18. Nd5 Qf7 19. Rad1 Rh6 20. Qc3 Kf8 21. Nb6
1-0